| 000 | 01167cam a22003377a 4500 | ||
|---|---|---|---|
| 003 | CHAP | ||
| 005 | 20220817041950.0 | ||
| 008 | 971013s1985 r 00010 d | ||
| 010 | _a30230 | ||
| 011 | _a31202 | ||
| 035 | _a35314 | ||
| 040 | _cCHAP | ||
| 090 | _aFolleto 10003 | ||
| 100 | 0 | 0 |
_aCoque Fuertes, Manuel. _927911 |
| 245 | 1 | 3 | _aEl grosellero |
| 260 |
_aMadrid : _bMinisterio de Agricultura, Pesca y Alimentación, _c1985 |
||
| 300 |
_a23 p. _b: ilus. |
||
| 490 | 0 |
_aMinisterio de Agricultura, Pesca y Alimentación. Hojas divulgadoras _v; 15/85 |
|
| 590 |
_aBATCH-UPD _b10 _c20130110 _lUCH01 _h0119 |
||
| 590 |
_aBATCH-UPD _b10 _c20130110 _lUCH01 _h2112 |
||
| 590 |
_aBATCH-UPD _b10 _c20130410 _lUCH01 _h1423 |
||
| 590 |
_aBATCH-UPD _b10 _c20130914 _lUCH01 _h1047 |
||
| 590 |
_aCONVERSION _b10 _c20130109 _lUCH01 _h1317 |
||
| 650 | 1 | 4 |
_aRibes. _997200 |
| 700 | 0 |
_aFueyo Olmo, Miguel Angel. _943916 |
|
| 830 | 0 |
_aMinisterio de Agricultura, Pesca y Alimentación. Hojas divulgadoras _v; 15/85 |
|
| 901 | _aBK | ||
| 942 | _cFOLL | ||
| 949 |
_aFolleto 10003 _bBC _cFOLL _d-81578 _eTS1 _i35314 _mD _si |
||
| 949 |
_aFolleto 10003 _bBC _cFOLL _d-81579 _eTS2 _fc.2 _i35314 _si |
||
| 999 |
_c30230 _d30230 |
||